000 00565nam a2200181Ia 4500
005 20250508155325.0
008 008 250505s9999 xx 000 0 eng d
037 _aTextual
040 _aFEDL
_beng
_cFEDL
041 _aeng
_2eng
084 _a371, UNI
_qFEDL
245 0 _aEducational change in reorganized school districts
245 0 _cUnited States. Department of Health , Education and Welfare
260 _aWashington, USA
_bU.S. Government Printing Office
300 _aviii,53p
942 _cTEXL
_h371, UNI
999 _c1356058
_d1356058